| 000 | 01294nam a22003017a 4500 | ||
|---|---|---|---|
| 003 | OSt | ||
| 005 | 20260416161541.0 | ||
| 008 | 260409t1981 xxu||||| |||| 00| 0 spa d | ||
| 020 | _a9681605667 | ||
| 040 |
_aUnicoc _bspa _c00001 _d00001 |
||
| 082 | _a153.8 | ||
| 100 |
_912877 _aThoresen, Carl E. |
||
| 245 | _aAutocontrol de la conducta | ||
| 250 | _a1 Ed. | ||
| 260 |
_aMéxico : _bFondo de Cultura Económica , _c1981. |
||
| 300 |
_a272 páginas _bTablas, gráficas |
||
| 500 | _aIncluye Índice y Bibliografía | ||
| 505 |
_tI. El autocontrol una introducción. -- _tII. Problemas metodológicos del autocontrol. -- _tIII. La autoobservación. -- _tIV. La autorrecompensa. -- _tV. El autocastigo y la autorregulación revulsiva. -- _tVI. Autocontrol encubierto. -- _tVII. Resumen e implicaciones. |
||
| 526 | _5Unicoc | ||
| 546 | _aEspañol | ||
| 650 | 0 |
_912878 _aAutocontrol |
|
| 650 | 0 |
_912879 _aModificación de la Conducta |
|
| 650 | 0 |
_99335 _aConducta (Psicología) |
|
| 658 | 0 |
_910741 _aPrograma de Psicología |
|
| 700 |
_912880 _aMahoney, Michael J. |
||
| 856 |
_yAcceso online exclusivo para comunidad Unicoc. _uhttps://unicoceduco-my.sharepoint.com/:b:/g/personal/direccionbiblioteca_unicoc_edu_co/IQBs0UzQmre-TZjHfZwKs2-EASi4we-mLe1cvVANINNpFws |
||
| 942 |
_2ddc _cEBOOK |
||
| 999 |
_c10824 _d10824 |
||